Rebooted Television Series! Quiz Stats

 Plays Quiz not verified by Sporcle

Challenge
Share
Tweet
Embed
Score 0/17 Timer 06:00
0 Plays Today
Original Cast (Original) Series name % Correct
William Shatner, Leonard NimoyStar Trek
97.8%
Jack Klugman, Tony RandallThe Odd Couple
91.2%
Kate Jackson, Farrah FawcettCharlie's Angels
91.2%
Kiefer Sutherland, Mary Jane Rajskub24
86.7%
Jack Lord, James MacArthurHawaii Five-O
80.5%
Telly Savalas, Dan FrazerKojak
78.8%
Jack Webb, Harry MorganDragnet
72.6%
Richard Dean Anderson, Dana ElcarMacGyver
71.7%
Raymond Burr, Barbara HalePerry Mason
66.4%
Original Cast (Original) Series name % Correct
Bonnie Franklin, Valerie BertinelliOne Day At A Time
66.4%
Raymond Burr, Don GallowayIronside
61.9%
Lindsay Wagner, Richard AndersonThe Bionic Woman
60.2%
Lorne Greene, Richard HatchBattlestar Galactica
60.2%
Marc Singer, Jane BadlerV
46.9%
David Janssen, Barry MorseThe Fugitive
46%
Brian Keith, Sebastian CabotFamily Affair
35.1%
Steve Forrest, Robert UrichS.W.A.T.
24.8%

You're not logged in!

Compare scores with friends on all Sporcle quizzes.
Join for Free
OR
Log In

You Might Also Like...

Show Comments

Extras

Created Aug 22, 2017ReportNominateIcon Source: The Captains
Tags:Cast Quiz, brought, cancelled, different, original, premise, reboot, same

Top Quizzes Today


Score Distribution

Your Account Isn't Verified!

In order to create a playlist on Sporcle, you need to verify the email address you used during registration. Go to your Sporcle Settings to finish the process.

Report this User

Report this user for behavior that violates our Community Guidelines.

Details: